000 00300nam a22001337a 4500
008 181015b xxu||||| |||| 00| 0 eng d
020 _a9780030014192
041 _aeng
080 _a316
100 _a50
101 _aSOC
245 _aSociology in a Changing World
_cKornblum,W
942 _2udc
_cBK
999 _c49668
_d49668